Introducción a la teoría del derecho /

Mientras Santo Tomás sostiene que tanto el derecho como la ética provienen de la ley eterna, Kant defiende en esta obra una separación entre ética y derecho, en tanto en la primera su fuente es la autonomía de la voluntad, mientras en el derecho la voluntad está subordinada a la voluntad del legisla...

Volledige beschrijving

Bewaard in:
Bibliografische gegevens
Hoofdauteur: Kant, Immanuel (autor)
Andere auteurs: González Vicén, Felipe (introducción y traducción) (introducción y traducción)
Formaat: Boek
Taal:Spaans
Gepubliceerd in: Madrid, España : Instituto de Estudios Políticos, 1954, c1954
Reeks:(Civitas)
Onderwerpen:
Tags: Voeg label toe
Geen labels, Wees de eerste die dit record labelt!

MARC

LEADER 00000nam^a2200000^a^4500
001 000261958
005 20250521000000.0
009 20260310110527.741
037 |a Acervo Xavier Clavigero 
041 |a ESP 
082 |a 142. 3  |b KAN OBR DER 
100 |a Kant, Immanuel  |e (autor) 
240 1 1 |a [Principios metafísicos del derecho] 
245 1 0 |a Introducción a la teoría del derecho /  |c I. Kant ; introd. y tr. por F. González Vicén. 
264 4 |a Madrid, España :  |b Instituto de Estudios Políticos,  |c 1954, c1954 
300 |a 108 p. 
336 |a texto  |b txt  |2 rdacontenido 
337 |a sin mediación  |b n  |2 rdamedio 
338 |a volumen  |b nc  |2 rdasoporte 
440 1 |a (Civitas) 
520 |a Mientras Santo Tomás sostiene que tanto el derecho como la ética provienen de la ley eterna, Kant defiende en esta obra una separación entre ética y derecho, en tanto en la primera su fuente es la autonomía de la voluntad, mientras en el derecho la voluntad está subordinada a la voluntad del legislador. 
649 |a XX 
650 |a Metafísica 
650 |a Derecho y Etica 
650 |a Derecho -  |x Filosofía -  |x Tema Principal 
650 |a Criticismo -  |x Tema Principal 
650 |a Filosofía Moderna 
650 |a Filosofía Alemana 
700 |a González Vicén, Felipe  |e (introducción y traducción) 
910 |a Fondo General 
920 |a Impresos - Libros 
930 |a Colección General 
905 |a 101 
901 |a 050035  |b IT1  |c ACC  |u 20250521 
902 |a https://opac.biblio.iteso.mx/vufind/Record/000261958